| 000 | 00478nam a2200181Ia 4500 | ||
|---|---|---|---|
| 008 | 131103s9999 xx 000 0 und d | ||
| 020 |
_a141185856 _cRs.480 |
||
| 040 | _aLoreto College | ||
| 041 | _aEnglish | ||
| 082 |
_aF/LLE _bLCLIB/42495 |
||
| 100 | _aLlewellyn,Richard | ||
| 245 |
_aHow Green was my valley _cRichard Llewellyn |
||
| 260 |
_aLondon _bPenguin Books _c1939 |
||
| 300 |
_a447 p. _c 22 cm. |
||
| 650 | _aFiction in English | ||
| 850 | _aLCLIB | ||
| 942 | _cBK | ||
| 999 |
_c15709 _d66188 |
||